British Facts for Dummies in Two Minutes - Statistics

General Stats
  • This quiz has been taken 29 times
  • The average score is 8 of 10
Answer Stats
Hint Answer % Correct
Capital of the UK London
100%
Official Language of the UK English
96%
The British drink 100 million cups of this every day Tea
96%
City where the Beatles were born Liverpool
92%
The river that flows through London Thames
92%
Longest reigning monarch of the UK Queen Elizabeth II
88%
The man who is known for the laws of motion Isaac Newton
85%
Current Prime Minister Keir Starmer
62%
The UK led this revolution Industrial Revolution
50%
One of the most famous universities in the world Cambridge University
35%
No matching quizzes found
Score Distribution
Percent of People with Each Score
Percentile by Number Answered
Your Score History
You have not taken this quiz